[Event "Challenge"]
[Site "http://www.queenalice.com/game.php?id=921361"]
[Date "2011.4.3"]
[Round "-"]
[White "flaviovieira"]
[Black "fleuryjunior"]
[Result "1-0"]
[WhiteElo "1802"]
[BlackElo "1622"]

1. e4 e5 2. Nf3 Nc6 3. Bb5 Bc5 4. Bxc6 dxc6 5. Nc3 Nf6 6. O-O h5 7. b3 h4 8. h3
Rh6 9. d3 Rh8 10. Bg5 Rh5 11. Bxh4 Rh6 12. Bg3 Bxh3 13. gxh3 Rxh3 14. Bxe5 Ng4
15. d4 Nxe5 16. Nxe5 Bxd4 17. Qg4 Rh4 18. Qxg7 Bxe5 19. Qxe5+ Qe7 20. Qxe7+ Kxe7
21. f3 Rg8+ 22. Kf2 Rh2+ 23. Ke3 Rxc2 24. Ne2 Rg2 25. Rfe1 Rc5 26. Red1 f5 27.
Rd4 f4+ 28. Nxf4 Rc3+ 29. Rd3 Rgc2 30. Rxc3 Rxc3+ 31. Nd3 b5 32. Rc1 Rxc1 33.
Nxc1 c5 34. Nd3 a5 35. Nxc5 c6 36. Kd4 Kd6 37. e5+ Ke7 38. f4 a4 39. b4 a3 40.
f5 Kf7 41. Kc3 Ke7 42. Kb3 Kf7 43. Kxa3 Kg7 44. Kb3 Kh6 45. Kc3 Kg5 46. f6 Kf5
47. Kd4 Kf4 48. f7 Kf3 49. e6 Ke2 50. e7 Kd2 51. e8=Q Kc2 52. Qe2+ Kb1 53. f8=Q
Kc1 54. Qff1# 1-0

[Event "Challenge"]
[Site "http://www.queenalice.com/game.php?id=921362"]
[Date "2011.4.3"]
[Round "-"]
[White "flaviovieira"]
[Black "dab"]
[Result "0-1"]
[WhiteElo "1801"]
[BlackElo "1697"]

1. e4 c5 2. Nf3 d6 3. Nc3 Nf6 4. Be2 Nc6 5. O-O Bg4 6. h3 Bh5 7. Bb5 a6 8. Bxc6+
bxc6 9. d3 d5 10. e5 Nd7 11. Qe2 e6 12. g4 Bg6 13. a4 a5 14. Bg5 Be7 15. Bxe7
Qxe7 16. Nh2 f5 17. exf6 gxf6 18. Rfe1 Ne5 19. f4 Nxg4 20. Nxg4 Bh5 21. Qxe6
Qxe6 22. Rxe6+ Kd7 23. Rxf6 Rhf8 24. Ne5+ Ke7 25. Rxc6 Be8 26. Nxd5+ Kd8 0-1

[Event "Challenge"]
[Site "http://www.queenalice.com/game.php?id=921363"]
[Date "2011.4.3"]
[Round "-"]
[White "flaviovieira"]
[Black "Racey"]
[Result "1-0"]
[WhiteElo "1781"]
[BlackElo "1514"]

1. e4 e5 2. Nf3 Nc6 3. Bb5 Nd4 4. Nxd4 exd4 5. b3 Nf6 6. Qf3 c6 7. Bc4 b5 8. Bd3
b4 9. Bb2 c5 10. a3 a5 11. axb4 cxb4 12. Bxd4 h5 13. Qe3 h4 14. h3 Bd6 15. e5
Bxe5 16. Bxe5 Nd5 17. Qe4 Bb7 18. Bd6+ Ne7 19. Qxb7 f5 20. O-O O-O 21. Bc4+ Kh8
22. d4 Nc6 23. Bxf8 Qxf8 24. Qxd7 Ne7 25. Nd2 Rd8 26. Qe6 f4 27. Rxa5 Rxd4 28.
Rh5# 1-0

[Event "Challenge"]
[Site "http://www.queenalice.com/game.php?id=924481"]
[Date "2011.4.10"]
[Round "-"]
[White "juniorvaz100"]
[Black "flaviovieira"]
[Result "0-1"]
[WhiteElo "1774"]
[BlackElo "1786"]

1. e4 e5 2. Nf3 Nc6 3. Nc3 Bb4 4. Bb5 Nge7 5. Qe2 Bxc3 6. dxc3 a6 7. Bxc6 Nxc6
8. Be3 d5 9. O-O-O Be6 10. exd5 Bxd5 11. Bc5 f6 12. c4 Nd4 13. Nxd4 Bxg2 14.
Rhg1 b6 15. Ne6 Qc8 16. Nxg7+ Kf7 17. Qh5+ Kg8 18. Ne6 Qxe6 0-1

[Event "Challenge"]
[Site "http://www.queenalice.com/game.php?id=956303"]
[Date "2011.7.3"]
[Round "-"]
[White "flaviovieira"]
[Black "Popeye"]
[Result "1-0"]
[WhiteElo "1830"]
[BlackElo "1604"]

1. e4 e5 2. Nf3 d6 3. Nc3 a6 4. d4 exd4 5. Qxd4 Nc6 6. Qe3 h6 7. Bc4 Nf6 8. O-O
Bg4 9. h3 Bxf3 10. Qxf3 Ne5 11. Qe2 Nxc4 12. Qxc4 b5 13. Qc6+ Nd7 14. Nd5 Ra7
15. Be3 Be7 16. Bxa7 O-O 17. Nxc7 Nb8 18. Bxb8 Qxb8 19. Nxa6 Rc8 20. Qd5 Qb6 21.
Nb4 Qc5 22. c3 Qxd5 23. Nxd5 Bd8 24. Rfd1 Rc4 25. Rd4 Rxd4 26. cxd4 1-0

[Event "Challenge"]
[Site "http://www.queenalice.com/game.php?id=956307"]
[Date "2011.7.3"]
[Round "-"]
[White "flaviovieira"]
[Black "crisvolei"]
[Result "1-0"]
[WhiteElo "1819"]
[BlackElo "1515"]

1. e4 e5 2. Nf3 f6 3. d4 Nc6 4. Bb5 Nb4 5. c3 c6 6. Bc4 d5 7. exd5 Nxd5 8. O-O
e4 9. Re1 Bf5 10. Nbd2 e3 11. fxe3 Bg4 12. Bxd5 cxd5 13. e4 Be7 14. e5 Qb6 15.
h3 Bxf3 16. Nxf3 O-O-O 17. Qc2 h5 18. exf6 gxf6 19. Bf4 Nh6 20. Nh4 f5 21. Nxf5
Nxf5 22. Qxf5+ Rd7 23. Rxe7 Rd8 24. Rae1 Qxb2 25. Rxd7 Rxd7 26. Re8# 1-0

[Event "Challenge"]
[Site "http://www.queenalice.com/game.php?id=956308"]
[Date "2011.7.3"]
[Round "-"]
[White "flaviovieira"]
[Black "oldfool"]
[Result "1-0"]
[WhiteElo "1823"]
[BlackElo "1505"]

1. e4 e5 2. Nf3 d6 3. Nc3 c6 4. d4 Nd7 5. dxe5 dxe5 6. Bc4 f6 7. O-O Nb6 8.
Qxd8+ Kxd8 9. Bxg8 Rxg8 10. Be3 Kc7 11. b3 Bd7 12. a4 Bb4 13. Na2 Rad8 14. Nxb4
a5 15. Na2 Be6 16. Nd2 Nd7 17. Rad1 g6 18. Nf3 f5 19. exf5 Bxf5 20. Bg5 Rde8 21.
Rd2 Nc5 22. Re1 e4 23. Nd4 Re5 24. Bf4 1-0

[Event "Challenge"]
[Site "http://www.queenalice.com/game.php?id=956309"]
[Date "2011.7.3"]
[Round "-"]
[White "flaviovieira"]
[Black "pride"]
[Result "1-0"]
[WhiteElo "1811"]
[BlackElo "1437"]

1. e4 e5 2. Nf3 Qf6 3. d4 Bb4+ 4. c3 Ba5 5. Nxe5 Nc6 6. Nxc6 Qxc6 7. b4 Bb6 8.
Bb2 Qg6 9. Qd3 c6 10. Nd2 h5 11. O-O-O Bd8 12. g3 a5 13. a3 axb4 14. cxb4 b6 15.
d5 Ba6 16. Qd4 Nf6 17. Bxa6 Rxa6 18. Nc4 Be7 19. Nxb6 Bd6 20. dxc6 Qh6+ 21. f4
g5 22. Qxd6 Rxb6 23. cxd7+ Nxd7 24. Qxd7+ Kf8 25. Qd8# 1-0

[Event "Challenge"]
[Site "http://www.queenalice.com/game.php?id=967390"]
[Date "2011.7.31"]
[Round "-"]
[White "flaviovieira"]
[Black "gisa2010"]
[Result "1-0"]
[WhiteElo "1843"]
[BlackElo "1210"]

1. e4 e5 2. Nf3 Bd6 3. d4 exd4 4. Qxd4 Ne7 5. Qxg7 Rf8 6. Qxh7 Bb4+ 7. c3 Bc5 8.
Bh6 Ng8 9. Bxf8 Bxf8 10. Qxg8 Qe7 11. e5 Nc6 12. Bc4 d5 13. Bxd5 Be6 14. Bxc6+
bxc6 15. O-O f5 16. Qg6+ Kd7 17. Nbd2 Rb8 18. b4 Qf7 19. Qxf7+ Bxf7 20. Rfd1 Bd5
21. Nc4 c5 22. Rxd5+ Kc6 23. Rad1 cxb4 24. Na5+ Kb6 25. c4 c6 26. Nxc6 Kxc6 27.
e6 Bc5 28. Rxf5 a5 29. Ne5+ Kb7 30. Rd7+ Ka8 31. Rff7 b3 32. axb3 Bd4 33. Rxd4
Rxb3 34. Rd8+ Rb8 35. Rxb8+ Kxb8 36. e7 Kb7 37. e8=Q+ Kb6 38. Qc6# 1-0

[Event "Challenge"]
[Site "http://www.queenalice.com/game.php?id=967391"]
[Date "2011.7.31"]
[Round "-"]
[White "flaviovieira"]
[Black "jamesxirb"]
[Result "1-0"]
[WhiteElo "1845"]
[BlackElo "1527"]

1. e4 d5 2. e5 e6 3. d4 c5 4. c3 c4 5. Nf3 b5 6. Be2 f5 7. Bg5 Be7 8. Bxe7 Qxe7
9. O-O a6 10. a4 b4 11. Qd2 b3 12. Ng5 h5 13. h4 Qc7 14. Qe3 a5 15. Nd2 Nd7 16.
Nxe6 Qb6 17. Nxg7+ Kd8 18. Nxf5 Nf8 19. Qg5+ Kd7 20. Bxh5 Ne6 21. Qg4 Kc7 22. g3
Bb7 23. Qg6 Ne7 24. Nxe7 Rae8 25. Qf7 Qc6 26. Nxd5+ Kb8 27. Nf6 Ref8 28. Nd7+
Ka7 29. Bf3 Rxf7 30. Bxc6 Bxc6 31. Nf6 Ng7 32. Nxc4 Ka6 33. Nd2 Bd7 34. Nxb3 Bh3
35. Rfe1 Nf5 36. Kh2 Rxf6 37. exf6 Nh6 38. Kxh3 Rb8 39. Re6+ Ka7 40. Ra3 Nf5 41.
f7 Rf8 42. Rf6 Ne7 43. Nxa5 Nd5 44. Rf5 Nc7 45. g4 Ne6 46. g5 Ng7 47. Rf3 Ka6
48. Nc4 Ne6 49. b4 Rc8 50. b5+ Kb7 51. Nd6+ Kc7 52. Ne4 Rf8 53. d5 Nd8 54. g6
Kd7 55. d6 Ne6 56. c4 Nd4 57. Rfd3 Ne6 58. Kg3 Ng7 59. c5 Nh5+ 60. Kg4 Ng7 61.
c6+ Ke6 62. d7 Nf5 63. c7 Ne7 64. d8=Q Rxd8 65. cxd8=Q Nxg6 66. Qd6+ Kxf7 67.
Rf3+ Kg7 68. Qf6+ Kh6 69. h5 Kh7 70. Qxg6+ Kh8 71. Rf8# 1-0

[Event "Challenge"]
[Site "http://www.queenalice.com/game.php?id=967392"]
[Date "2011.7.31"]
[Round "-"]
[White "flaviovieira"]
[Black "papyrusmoon"]
[Result "1-0"]
[WhiteElo "1826"]
[BlackElo "1488"]

1. e4 Nf6 2. e5 Nd5 3. Bc4 Nb6 4. Bb3 c5 5. a3 d6 6. exd6 exd6 7. Qf3 c4 8. Ba2
d5 9. d3 Bc5 10. dxc4 dxc4 11. Ne2 O-O 12. O-O Nc6 13. Be3 Ne5 14. Qe4 Bd6 15.
Bxb6 axb6 16. Bxc4 Qd7 17. Nbc3 Re8 18. Qd5 b5 19. Bxb5 Qe7 20. Bxe8 Bd7 21.
Bxd7 Qxd7 22. Rfd1 Rc8 23. Qxd6 Qf5 24. Qd8+ Rxd8 25. Rxd8# 1-0

[Event "Challenge"]
[Site "http://www.queenalice.com/game.php?id=967393"]
[Date "2011.7.31"]
[Round "-"]
[White "flaviovieira"]
[Black "Sirius"]
[Result "0-1"]
[WhiteElo "1848"]
[BlackElo "1657"]

1. e4 e5 2. Nf3 Bc5 3. Nxe5 Qf6 4. d4 Bb6 5. Nc3 c5 6. Be3 Nc6 7. Nxc6 bxc6 8.
dxc5 Ba5 9. Bd4 Qg6 10. a3 Qxe4+ 11. Qe2 Qxe2+ 12. Bxe2 Ne7 13. O-O Nf5 14. Rad1
d5 15. Bg4 O-O 16. Bxf5 Bxf5 17. b4 Bc7 18. Rd2 Rae8 19. Ne2 f6 20. f4 a5 21. c3
h5 22. Ng3 Bg4 23. h3 h4 24. hxg4 hxg3 25. Rd3 axb4 26. cxb4 Re4 27. Be3 g5 28.
fxg5 fxg5 29. Rxf8+ Kxf8 30. Bxg5 Re1# 0-1

[Event "Challenge"]
[Site "http://www.queenalice.com/game.php?id=967395"]
[Date "2011.7.31"]
[Round "-"]
[White "flaviovieira"]
[Black "Sylvan"]
[Result "1-0"]
[WhiteElo "1824"]
[BlackElo "1590"]

1. e4 e6 2. Nf3 d5 3. e5 c5 4. Bb5+ Bd7 5. Bxd7+ Nxd7 6. O-O c4 7. d3 Qb6 8. d4
O-O-O 9. Nc3 Kb8 10. Na4 Qa5 11. c3 f6 12. Bf4 Nb6 13. Nxb6 Qxb6 14. exf6+ Ka8
15. fxg7 Bxg7 16. Qd2 Ne7 17. Rfe1 Nf5 18. Ng5 Rd7 19. Rxe6 Qd8 20. Qc2 Qf8 21.
Rae1 Nd6 22. Bxd6 Rxd6 23. Nxh7 Rxe6 24. Rxe6 Qg8 25. Ng5 Bh6 26. Nf3 Qxe6 27.
h3 Rg8 28. Kh2 Qg6 29. Qxg6 Rxg6 30. g4 Ra6 31. g5 Bg7 32. Ne5 Rxa2 33. h4 Rxb2
34. Kg3 a5 35. h5 a4 36. h6 Bh8 37. g6 Rb1 38. Kg2 Rb6 39. g7 Bxg7 40. hxg7 a3
41. g8=Q+ Ka7 42. Nd7 Ra6 43. Qb8# 1-0

[Event "Challenge"]
[Site "http://www.queenalice.com/game.php?id=967552"]
[Date "2011.8.1"]
[Round "-"]
[White "flaviovieira"]
[Black "Diogolopes"]
[Result "1-0"]
[WhiteElo "1828"]
[BlackElo "1484"]

1. e4 e5 2. Nf3 d5 3. Nxe5 dxe4 4. Qe2 Qd5 5. Ng4 Qh5 6. Qxe4+ Be6 7. Be2 f5 8.
Qa4+ c6 9. Nf6+ Nxf6 10. Bxh5+ Nxh5 11. Nc3 Nd7 12. d4 Nf4 13. Bxf4 Nf6 14.
O-O-O b5 15. Qa6 Bd7 16. Rhe1+ Be7 17. Bd6 Ne4 18. Nxe4 Bc8 19. Qxc6+ Kf7 20.
Qxa8 fxe4 21. Bxe7 Re8 22. Rxe4 Be6 23. Qxa7 Rxe7 24. Rf4+ Ke8 25. Qb8+ Kd7 26.
Qxb5+ Kd8 27. Rf8+ Kc7 28. Qb8+ Kc6 29. Rd8 Bd7 30. d5+ Kc5 31. Qc7+ Kb4 32.
Rb8+ Bb5 33. Qxe7+ Ka5 34. Qa7+ Ba6 35. b4+ Ka4 36. Qxa6# 1-0

[Event "Valendo"]
[Site "http://www.queenalice.com/game.php?id=971537"]
[Date "2011.8.11"]
[Round "-"]
[White "flaviovieira"]
[Black "Diogolopes"]
[Result "1-0"]
[WhiteElo "1837"]
[BlackElo "1579"]

1. e4 e5 2. Nf3 d6 3. d4 Nc6 4. d5 Nd4 5. Nxd4 exd4 6. Qxd4 c5 7. Qd3 g6 8. Qc3
f6 9. Na3 Qe7 10. f3 Bd7 11. Nc4 b5 12. Na5 b4 13. Qc4 g5 14. a3 a6 15. axb4 Bb5
16. Qc3 cxb4 17. Qxb4 Qd7 18. Bxb5 Qxb5 19. Qxb5+ axb5 20. Bd2 Rc8 21. c3 Ne7
22. O-O Ng6 23. g3 Ne5 24. f4 Nd3 25. fxg5 fxg5 26. Bxg5 Nxb2 27. Rf6 Be7 28.
Re6 Rc7 29. Nc6 Kd7 30. Rxe7+ Kc8 31. Ra8+ Kb7 32. Ra7+ Kb6 33. Be3# 1-0

[Event "Challenge"]
[Site "http://www.queenalice.com/game.php?id=978147"]
[Date "2011.8.28"]
[Round "-"]
[White "flaviovieira"]
[Black "Camy"]
[Result "0-1"]
[WhiteElo "1806"]
[BlackElo "1566"]

1. e4 e5 2. Nf3 Nf6 3. Nxe5 Qe7 4. d4 Nc6 5. Nxc6 dxc6 6. e5 Ne4 7. Qe2 f5 8. f3
Ng5 9. Nc3 b5 10. Bd2 Be6 11. O-O-O b4 12. Na4 Qd7 13. Bxg5 Qd5 14. b3 h6 15.
Bh4 Be7 0-1

[Event "Challenge"]
[Site "http://www.queenalice.com/game.php?id=978149"]
[Date "2011.8.28"]
[Round "-"]
[White "flaviovieira"]
[Black "brannach"]
[Result "0-1"]
[WhiteElo "1780"]
[BlackElo "1981"]

1. e4 c6 2. Nf3 d5 3. e5 e6 4. d4 f5 5. Bg5 Be7 6. Bxe7 Nxe7 7. Be2 b6 8. O-O c5
9. c3 cxd4 10. cxd4 Nbc6 11. a3 O-O 12. Nc3 f4 13. Qd3 Bd7 14. Nb5 Nf5 15. Qd2
a6 16. Nc3 g5 17. g3 g4 0-1

[Event "Challenge"]
[Site "http://www.queenalice.com/game.php?id=978152"]
[Date "2011.8.28"]
[Round "-"]
[White "flaviovieira"]
[Black "alesson"]
[Result "0-1"]
[WhiteElo "1753"]
[BlackElo "1569"]

1. e4 e5 2. Nf3 d6 3. Nc3 Bg4 4. Be2 Nf6 5. h3 Bxf3 6. Bxf3 Nc6 7. O-O Nd4 8. d3
h6 9. Be3 Nxf3+ 10. Qxf3 Be7 11. a4 a5 0-1

[Event "Challenge"]
[Site "http://www.queenalice.com/game.php?id=978153"]
[Date "2011.8.28"]
[Round "-"]
[White "flaviovieira"]
[Black "johndavidtelker"]
[Result "0-1"]
[WhiteElo "1772"]
[BlackElo "1696"]

1. e4 c6 2. Nf3 d5 3. e5 Bf5 4. d4 e6 5. Nc3 c5 6. Be3 cxd4 7. Bxd4 a6 8. Be2
Nc6 9. O-O Nge7 10. a3 Qc7 11. Rc1 Nxd4 12. Qxd4 Nc6 13. Qf4 Be7 14. Bd3 Bxd3
15. cxd3 O-O 16. d4 Qb6 17. Rc2 Rac8 18. Na4 Qd8 19. Nd2 h6 0-1